| 000 | 00369nam a2200109Ia 4500 | ||
|---|---|---|---|
| 008 | 171211s9999 xx 000 0 und d | ||
| 245 | _aPainting Brilliant Skies & Water in Pastel: Secrets to Bringing Light and Life to Your Landscapes | ||
| 245 | _cLiz Haywood-Sullivan | ||
| 260 | _c2013 | ||
| 650 | _xDrawing | ||
| 856 | _uhttp://down.ebook777.com/004/9781440322556.rar | ||
| 999 |
_c348033 _d348033 |
||